[Event "Liberec Open 2018"]
[Site "Liberec CZE"]
[Date "2018.03.03"]
[Round "9.7"]
[White "Cakl, Zdenek"]
[Black "Wiley, Thomas"]
[Result "0-1"]
[WhiteElo "2064"]
[BlackElo "2190"]
[PlyCount "82"]
[EventDate "2018.02.24"]
[EventCountry "CZE"]
[SourceTitle "Ajedrez en Madrid"]
[Source "lmi"]
[SourceDate "2018.02.24"]

1. Nf3 f5 2. b3 d6 3. d4 Nf6 4. Bb2 g6 5. e3 Bg7 6. Be2 O-O 7. O-O Qe8 8. c4 a5
9. a3 c6 10. Nc3 e5 11. d5 c5 12. b4 axb4 13. axb4 Rxa1 14. Bxa1 cxb4 15. Nb5
Ne4 16. Nd2 Qe7 17. Nxe4 fxe4 18. Qb1 Na6 19. Bb2 h5 20. Bc1 Bf5 21. Bd2 Rf7
22. Bxb4 Nxb4 23. Qxb4 Bf8 24. Qb3 Qg5 25. Ra1 h4 26. Nc3 Bh3 27. g3 Qf5 28.
Nd1 Bg4 29. Qc2 Bf3 30. Bf1 Bh6 31. Qd2 Bg5 32. Ra8+ Kg7 33. Ra1 Bd8 34. Qe1
Bb6 35. Be2 g5 36. Rb1 Bc5 37. Rb3 Kg6 38. Nb2 g4 39. Na4 Ba7 40. Rc3 Rc7 41.
Qd2 Qc8 0-1

[Event "Liberec Open 2018"]
[Site "Liberec CZE"]
[Date "2018.03.03"]
[Round "9.8"]
[White "Balinski, Damian"]
[Black "Czarniecka, Aleksandra"]
[Result "0-1"]
[WhiteElo "2164"]
[BlackElo "1964"]
[PlyCount "126"]
[EventDate "2018.02.24"]
[EventCountry "CZE"]
[SourceTitle "Ajedrez en Madrid"]
[Source "lmi"]
[SourceDate "2018.02.24"]

1. d4 Nf6 2. c4 g6 3. Nc3 Bg7 4. e4 d6 5. Nf3 O-O 6. h3 Na6 7. Be3 c6 8. Be2 e5
9. d5 Qa5 10. Nd2 Nc5 11. a3 Qc7 12. b4 Ncd7 13. Rc1 a5 14. g4 axb4 15. axb4
Nb8 16. g5 Nfd7 17. h4 Na6 18. Ra1 Qb8 19. dxc6 bxc6 20. b5 cxb5 21. cxb5 Nac5
22. h5 Rxa1 23. Qxa1 Nb6 24. Qa3 Qc7 25. Bxc5 dxc5 26. Nd5 Nxd5 27. exd5 Qd8
28. hxg6 fxg6 29. Bc4 Qxg5 30. Qxc5 Kh8 31. d6 Bb7 32. Rh3 Bh6 33. Rxh6 Qxh6
34. Bd5 Bxd5 35. Qxd5 Qf4 36. Ne4 Qc1+ 37. Ke2 Qb2+ 38. Kf1 Qa1+ 39. Kg2 Kg7
40. d7 Qd4 41. Qc6 Rf7 42. Nc5 Qxf2+ 43. Kh3 Rf3+ 44. Qxf3 Qxf3+ 45. Kh2 Qf2+
46. Kh3 Qe3+ 47. Kh2 Qf2+ 48. Kh3 Qxc5 49. d8=Q Qxb5 50. Qe7+ Kg8 51. Qe6+ Kf8
52. Qf6+ Ke8 53. Qh8+ Kf7 54. Qxh7+ Kf6 55. Qh4+ g5 56. Qh6+ Kf5 57. Qf8+ Ke4
58. Kg4 Qb3 59. Qf5+ Kd4 60. Qxg5 Qd1+ 61. Kh3 Qh1+ 62. Kg4 Qg2+ 63. Kf5 Qxg5+
0-1

[Event "Liberec Open 2018"]
[Site "Liberec CZE"]
[Date "2018.03.03"]
[Round "9.9"]
[White "Czopor, Maciej"]
[Black "Hofman, Krystof"]
[Result "1-0"]
[WhiteElo "2144"]
[BlackElo "1819"]
[PlyCount "73"]
[EventDate "2018.02.24"]
[EventCountry "CZE"]
[SourceTitle "Ajedrez en Madrid"]
[Source "lmi"]
[SourceDate "2018.02.24"]

1. e4 c5 2. Nf3 Nc6 3. d4 cxd4 4. Nxd4 Nf6 5. Nc3 e5 6. Ndb5 d6 7. Bg5 a6 8.
Na3 b5 9. Bxf6 gxf6 10. Nd5 f5 11. Bd3 Be6 12. O-O Bg7 13. Qh5 f4 14. c4 b4 15.
Nc2 Rb8 16. b3 a5 17. Rad1 Ne7 18. Nxe7 Qxe7 19. Be2 O-O 20. Bg4 Rb6 21. Bf5
Bxf5 22. Qxf5 Qe6 23. Qh5 f5 24. Rfe1 Qg6 25. Qf3 Qg4 26. Qd3 Bh6 27. f3 Qg7
28. Qd5+ Kh8 29. Qxa5 Qb7 30. Qd5 Qxd5 31. Rxd5 Ra8 32. Rb5 Rxb5 33. cxb5 Rxa2
34. Ra1 Rxc2 35. b6 Rc8 36. b7 Rb8 37. Ra8 1-0

[Event "Liberec Open 2018"]
[Site "Liberec CZE"]
[Date "2018.03.03"]
[Round "9.10"]
[White "Buchcar, Tomas"]
[Black "Kotva, Milan"]
[Result "0-1"]
[WhiteElo "2151"]
[BlackElo "1931"]
[PlyCount "46"]
[EventDate "2018.02.24"]
[EventCountry "CZE"]
[SourceTitle "Ajedrez en Madrid"]
[Source "lmi"]
[SourceDate "2018.02.24"]

1. d4 d5 2. Bf4 e6 3. e3 Bd6 4. Bg3 Nf6 5. Nd2 O-O 6. Bd3 b6 7. Qe2 Bb7 8. Bh4
e5 9. dxe5 Bxe5 10. O-O-O c5 11. Ngf3 Nbd7 12. Bf5 Qc7 13. g4 d4 14. g5 c4 15.
exd4 Bf4 16. Kb1 Nd5 17. Bxd7 Qxd7 18. Ne5 Bxe5 19. dxe5 Qa4 20. Nf3 Nb4 21.
Rhg1 Qxa2+ 22. Kc1 c3 23. bxc3 Bxf3 0-1

[Event "Liberec Open 2018"]
[Site "Liberec CZE"]
[Date "2018.03.03"]
[Round "9.11"]
[White "Steiner, Bruno"]
[Black "Kucera, Jaroslav"]
[Result "1-0"]
[WhiteElo "2150"]
[BlackElo "1937"]
[PlyCount "59"]
[EventDate "2018.02.24"]
[EventCountry "CZE"]
[SourceTitle "Ajedrez en Madrid"]
[Source "lmi"]
[SourceDate "2018.02.24"]

1. Nf3 d6 2. d4 Bg4 3. e4 e6 4. h3 Bh5 5. Nc3 c6 6. Bd3 Qb6 7. Ne2 Bxf3 8. gxf3
d5 9. c3 Nd7 10. e5 c5 11. h4 h5 12. Kf1 O-O-O 13. dxc5 Bxc5 14. b4 Be7 15. Be3
Qc7 16. f4 Nb6 17. Nd4 Nc4 18. Nb5 Nxe3+ 19. fxe3 Qb6 20. Ke2 a6 21. Nd4 Kb8
22. a4 Rc8 23. Qb3 Qd8 24. a5 Ka8 25. b5 Rb8 26. Rhb1 Nh6 27. bxa6 bxa6 28. Qa4
Qc7 29. Nc6 Rb7 30. Bxa6 1-0

[Event "Liberec Open 2018"]
[Site "Liberec CZE"]
[Date "2018.03.03"]
[Round "9.12"]
[White "Spicka, Jan"]
[Black "Ulicny, Daniel"]
[Result "1/2-1/2"]
[WhiteElo "1992"]
[BlackElo "1789"]
[PlyCount "62"]
[EventDate "2018.02.24"]
[EventCountry "CZE"]
[SourceTitle "Ajedrez en Madrid"]
[Source "lmi"]
[SourceDate "2018.02.24"]

1. e4 e5 2. Bc4 Nf6 3. d4 Nc6 4. Nf3 Nxe4 5. dxe5 Nc5 6. O-O Be7 7. Nc3 O-O 8.
Be3 Ne6 9. Qe2 Na5 10. Bd3 d5 11. Rad1 Kh8 12. Bf5 c6 13. Ne1 Nc4 14. Bc1 Nc5
15. Bxc8 Qxc8 16. b3 Nb6 17. f4 f5 18. Rf3 Qe6 19. Rh3 Qg6 20. Rg3 Qe6 21. Bb2
Ne4 22. Rf3 Rad8 23. Nxe4 dxe4 24. Rf1 Rxd1 25. Qxd1 Rd8 26. Qh5 g6 27. Qh6
Bc5+ 28. Kh1 Rd1 29. c4 e3 30. Qh4 Bb4 31. Rg1 Bc5 1/2-1/2

[Event "Liberec Open 2018"]
[Site "Liberec CZE"]
[Date "2018.03.03"]
[Round "9.13"]
[White "Peniska, Pavel"]
[Black "Reinhardt, Michael"]
[Result "0-1"]
[WhiteElo "1908"]
[BlackElo "1749"]
[PlyCount "74"]
[EventDate "2018.02.24"]
[EventCountry "CZE"]
[SourceTitle "Ajedrez en Madrid"]
[Source "lmi"]
[SourceDate "2018.02.24"]

1. e4 d5 2. exd5 Qxd5 3. Nc3 Qd6 4. Nf3 Nf6 5. d4 a6 6. h3 b5 7. Bd3 Bb7 8. O-O
e6 9. Re1 Be7 10. Ng5 Nbd7 11. Qe2 Nb6 12. Nce4 Nxe4 13. Bxe4 Bxe4 14. Qxe4 Qd5
15. Qxd5 Nxd5 16. Ne4 c5 17. dxc5 Rc8 18. Be3 Nxe3 19. Rxe3 b4 20. a3 Bxc5 21.
Nxc5 Rxc5 22. axb4 Rxc2 23. Rc3 Rd2 24. Rc8+ Rd8 25. Rxd8+ Kxd8 26. Rxa6 Ke7
27. Rc6 Rb8 28. Kf1 Rxb4 29. Rc2 h5 30. g3 g5 31. f3 f5 32. Ke1 Rb3 33. Rf2 g4
34. hxg4 hxg4 35. fxg4 fxg4 36. Rg2 Kd6 37. Kd2 Rxb2+ 0-1

[Event "Liberec Open 2018"]
[Site "Liberec CZE"]
[Date "2018.03.03"]
[Round "9.14"]
[White "Aird, Ian"]
[Black "Starzynski, Waldemar"]
[Result "0-1"]
[WhiteElo "1828"]
[BlackElo "1716"]
[PlyCount "70"]
[EventDate "2018.02.24"]
[EventCountry "CZE"]
[SourceTitle "Ajedrez en Madrid"]
[Source "lmi"]
[SourceDate "2018.02.24"]

1. c4 e6 2. Nc3 d5 3. d4 Nf6 4. cxd5 exd5 5. Bg5 Be7 6. e3 c6 7. Bd3 O-O 8. Qc2
Nbd7 9. Nge2 Re8 10. O-O Nf8 11. h3 Ng6 12. Rad1 Bd7 13. f3 Nh5 14. Bxe7 Rxe7
15. g4 Nf6 16. e4 dxe4 17. fxe4 Qa5 18. e5 Nd5 19. Qd2 Rd8 20. Ng3 Be6 21. Nf5
Red7 22. Nd6 c5 23. Nc4 Qb4 24. a3 Qb3 25. Na5 Qb6 26. Na4 Qc7 27. Nxc5 Nxe5
28. Nxe6 fxe6 29. Rc1 Qb6 30. Bb1 Nf6 31. Qb4 Qxb4 32. axb4 Rxd4 33. Rce1 Nd3
34. Rxe6 Nf4 35. Ba2 Nxe6 0-1

[Event "Liberec Open 2018"]
[Site "Liberec CZE"]
[Date "2018.03.03"]
[Round "9.15"]
[White "Wietschke, Rolf"]
[Black "Krueger, Thomas"]
[Result "1-0"]
[WhiteElo "1930"]
[BlackElo "1593"]
[PlyCount "39"]
[EventDate "2018.02.24"]
[EventCountry "CZE"]
[SourceTitle "Ajedrez en Madrid"]
[Source "lmi"]
[SourceDate "2018.02.24"]

1. Nf3 Nf6 2. g3 e6 3. c4 b6 4. Bg2 Bb7 5. O-O c5 6. Nc3 d5 7. d4 Be7 8. cxd5
Nxd5 9. Nxd5 Bxd5 10. dxc5 Bxc5 11. Qa4+ Qd7 12. Qg4 O-O 13. Rd1 Qe7 14. e4 Bb7
15. e5 Rc8 16. Bg5 Qf8 17. Rac1 Bd5 18. b4 Bxb4 19. Qxb4 Rxc1 20. Qxf8+ 1-0

[Event "Liberec Open 2018"]
[Site "Liberec CZE"]
[Date "2018.03.03"]
[Round "9.16"]
[White "Mraz, Pavel"]
[Black "Svec, Ludek"]
[Result "1-0"]
[WhiteElo "1597"]
[BlackElo "1673"]
[PlyCount "76"]
[EventDate "2018.02.24"]
[EventCountry "CZE"]
[SourceTitle "Ajedrez en Madrid"]
[Source "lmi"]
[SourceDate "2018.02.24"]

1. Nf3 c5 2. e4 e6 3. d4 cxd4 4. Nxd4 Nf6 5. Nc3 Nc6 6. Nxc6 bxc6 7. Bd3 d5 8.
exd5 exd5 9. O-O Bd6 10. Re1+ Be6 11. Bf5 O-O 12. Bxe6 fxe6 13. Rxe6 Qc7 14. g3
Qd7 15. Qe1 Rae8 16. Rxe8 Rxe8 17. Qf1 Qf5 18. Be3 Rb8 19. Bxa7 Rxb2 20. Ne2 c5
21. Nc3 Rxc2 22. Nb5 Be5 23. Rc1 c4 24. Bd4 Rxa2 25. Bxe5 Qxe5 26. Re1 Qh5 27.
Re7 Ne4 28. Rxe4 Ra5 29. Rh4 Qe5 30. Nd4 Ra2 31. Nc6 Qf6 32. Nd4 g5 33. Rg4 h5
34. Rxg5+ Qxg5 35. Qb1 Ra8 36. Qb7 Ra1+ 37. Kg2 Qe5 38. Qc8+ Kf7 1-0

[Event "Liberec Open 2018"]
[Site "Liberec CZE"]
[Date "2018.03.03"]
[Round "9.17"]
[White "Stodola, Zdenek"]
[Black "Voldrich, Milan"]
[Result "1-0"]
[WhiteElo "1534"]
[BlackElo "1612"]
[PlyCount "69"]
[EventDate "2018.02.24"]
[EventCountry "CZE"]
[SourceTitle "Ajedrez en Madrid"]
[Source "lmi"]
[SourceDate "2018.02.24"]

1. d4 Nf6 2. c4 g6 3. Nc3 d6 4. e4 e5 5. d5 Bg7 6. f3 O-O 7. Be3 b6 8. Qd2 Bd7
9. Bd3 c6 10. Nge2 cxd5 11. cxd5 a5 12. g4 Na6 13. Ng3 Nc5 14. Bc2 Rc8 15. h4
b5 16. h5 b4 17. Nce2 Na4 18. Bxa4 Bxa4 19. b3 Bd7 20. Bh6 Ne8 21. hxg6 fxg6
22. Bxg7 Nxg7 23. Nf5 Bxf5 24. gxf5 g5 25. Ng3 Qf6 26. Qh2 Kf7 27. Kd2 Rh8 28.
Rac1 Rxc1 29. Rxc1 Qe7 30. Nh5 Ne8 31. f6 Nxf6 32. Nxf6 Kxf6 33. Qh6+ Kf7 34.
Rc6 Qf6 35. Rc7+ 1-0

[Event "Liberec Open 2018"]
[Site "Liberec CZE"]
[Date "2018.03.03"]
[Round "9.18"]
[White "Finek, Vaclav"]
[Black "Masek, Stanislav"]
[Result "1-0"]
[WhiteElo "1599"]
[BlackElo "1576"]
[PlyCount "69"]
[EventDate "2018.02.24"]
[EventCountry "CZE"]
[SourceTitle "Ajedrez en Madrid"]
[Source "lmi"]
[SourceDate "2018.02.24"]

1. e4 d6 2. d4 Nf6 3. Nc3 c6 4. Nf3 Bg4 5. Be2 e6 6. h3 Bxf3 7. Bxf3 d5 8. O-O
Be7 9. Bf4 O-O 10. exd5 exd5 11. Qd2 Bd6 12. Rae1 Bxf4 13. Qxf4 Re8 14. Nd1 Na6
15. Ne3 Ne4 16. Nf5 g6 17. Nh6+ Kg7 18. Nxf7 Qf6 19. Qxf6+ Kxf6 20. Bxe4 Kxf7
21. Bd3 Nb4 22. a3 Nxd3 23. cxd3 Rxe1 24. Rxe1 Re8 25. Rxe8 Kxe8 26. f4 h5 27.
g4 hxg4 28. hxg4 Kf7 29. Kg2 Kf6 30. Kf3 g5 31. f5 a6 32. Ke3 b6 33. Kd2 c5 34.
dxc5 bxc5 35. b4 1-0

[Event "Liberec Open 2018"]
[Site "Liberec CZE"]
[Date "2018.03.03"]
[Round "9.19"]
[White "Wrzecionko, David"]
[Black "Bruna, Matous"]
[Result "0-1"]
[WhiteElo "1537"]
[BlackElo "1397"]
[PlyCount "32"]
[EventDate "2018.02.24"]
[EventCountry "CZE"]
[SourceTitle "Ajedrez en Madrid"]
[Source "lmi"]
[SourceDate "2018.02.24"]

1. e4 c5 2. c3 d5 3. exd5 Qxd5 4. d4 Nc6 5. Nf3 Bg4 6. Nbd2 cxd4 7. Bc4 Bxf3 8.
Qxf3 Qxf3 9. Nxf3 dxc3 10. bxc3 e6 11. Rb1 a6 12. Rxb7 Na5 13. Bd3 Nxb7 14. Be4
Rb8 15. Bf4 Bd6 16. Bxb7 Rxb7 0-1